| 000 | 00424nam a22001817a 4500 | ||
|---|---|---|---|
| 003 | NUST | ||
| 020 | _a9788131718872 | ||
| 038 | _akhadija | ||
| 082 |
_a629.83 _bDOR |
||
| 100 |
_aDorf C. Richard _984520 |
||
| 245 |
_aModern Control Systems / _cRichard C. Dorf |
||
| 250 | _a 11th ed. | ||
| 260 |
_aNew Delhi: _bPearson; _c2011. |
||
| 300 |
_a1018p. ; _b25 cm. |
||
| 500 | _aPaperback. | ||
| 563 | _aPB | ||
| 942 |
_cBK _2ddc |
||
| 999 |
_c32452 _d32452 |
||